| 000 | 00542nam a22001817a 4500 | ||
|---|---|---|---|
| 003 | CHrist university | ||
| 005 | 20140310182817.0 | ||
| 008 | 130301t xxu||||| |||| 00| 0 eng d | ||
| 020 | _a8171418465 | ||
| 050 |
_aLC 3981 _b.R161 2005 |
||
| 100 | _aRajkumari, M. Alice. | ||
| 245 |
_aSpecial Education / _cRajkumari, M. Alice ,D Rita Suguna Sundari ; Digumarti Bhaskara Rao |
||
| 260 |
_aNew Delhi : _bDiscovery Publishing House, _c2005. |
||
| 300 |
_a379 p. : _c21.7 cm. |
||
| 521 | _aEDU | ||
| 942 |
_2lcc _cBK _kFOR |
||
| 999 |
_c16295 _d16295 |
||